• 首页
  • 本馆介绍
  • 公告通知
  • 最新文献
  • 馆藏检索
  • 电子资源
  • 读者导购
  • 参考咨询
  • 我的图书馆
  • 登录
  • 详细信息显示
  • 放入我的书架
  • 预约/预借图书
  • 作者相关作品
  • 分类相关作品
  • 丛书相关作品
  • 出版社相关作品

书目信息

  • 表格格式
  • 工作单格式
  • 卡片格式
题名:
中国西南野生动物图谱
    
 
作者: 朱建国 总主编 ;饶定齐 主编
分册:   爬行动物卷
出版信息: 北京   北京出版社  2020.03
页数: 490页
开本: 29cm
丛书名:
单 册:
中图分类: Q958.527-64 , Q959.6-64
科图分类:
主题词: 野生动物--ye sheng dong wu--西南地区--图谱 , 野生动物--ye sheng dong wu--爬行纲--西南地区--图谱
电子资源:
ISBN: 978-7-200-14440-6
000 01282nam0 2200277 450
001 0109110141
005 20201109141525.28
010    @a978-7-200-14440-6@b精装@dCNY498.00
100    @a20200713d2020 em y0chiy50 ea
101 0  @achi@elat
102    @aCN@b110000
105    @aa z 001yy
106    @ar
200 1  @a中国西南野生动物图谱@Azhong guo xi nan ye sheng dong wu tu pu@i爬行动物卷@dAtlas of wildlife in Southwest China@iReptile@f朱建国总主编@g饶定齐主编@zeng
210    @a北京@c北京出版社@d2020.03
215    @a490页@d29cm
330    @a本书共收录介绍了分布在我国西藏、云南、四川、重庆、贵州、广西六省(直辖市、自治区)的具有典型特征或代表性的爬行动物230种,以及它们的原生态照片。每个物种依次列出了其分类信息,如所属目、科、种的中文名和拉丁名;物种介绍包括保护等级,濒危等级,体形或大小、主要识别特征,重要生物学或生态习性,地理分布介绍包括国内分布和国外分布。
510 1  @aTlas of wildlife in Southwest China@iReptile@zeng
606 0  @a野生动物@Aye sheng dong wu@y西南地区@j图谱
606 0  @a野生动物@Aye sheng dong wu@x爬行纲@y西南地区@j图谱
690    @aQ958.527-64@v5
690    @aQ959.6-64@v5
701  0 @a朱建国@AZhu Jian Guo@4总主编
702  0 @a饶定齐@Arao ding qi@4主编
801  0 @aCN@bBJSZM@c20201103
905    @b1213677-8@dQ958.527-64@e287:2@f2
    
    中国西南野生动物图谱.爬行动物卷=Atlas of wildlife in Southwest China.Reptile/朱建国总主编/饶定齐主编.-北京:北京出版社,2020.03
    490页;29cm
    
    
    ISBN 978-7-200-14440-6(精装):CNY498.00
    本书共收录介绍了分布在我国西藏、云南、四川、重庆、贵州、广西六省(直辖市、自治区)的具有典型特征或代表性的爬行动物230种,以及它们的原生态照片。每个物种依次列出了其分类信息,如所属目、科、种的中文名和拉丁名;物种介绍包括保护等级,濒危等级,体形或大小、主要识别特征,重要生物学或生态习性,地理分布介绍包括国内分布和国外分布。
●
相关链接 在E读中查询图书 在五车中查询图书 在当当中查询图书 在豆瓣中查询图书


正题名:中国西南野生动物图谱     索取号:Q958.527-64/287:2         预约/预借

序号 登录号 条形码 馆藏地/架位号 状态 备注
1 1213677   212136776   第二样本阅览室/ [索取号:Q958.527-64/287:2] 在馆    
2 1213678   212136785   第三借阅区/ [索取号:Q958.527-64/287:2] 在馆    
唐山师范学院图书馆 欢迎您!
大连网信软件有限公司© 版权所有